[Event "IECC CL4-2008.13 email"]
[Site "IECC email"]
[Date "2008.12.29"]
[Round "?"]
[White "Cho, Vince"]
[Black "Soattin, Alberto"]
[Result "0-1"]
[WhiteElo "1636"]
[BlackElo "1783"]
[PlyCount "22"]
[EventDate "2008.??.??"]
[EventType "tourn (corr)"]
[EventRounds "4"]
[SourceTitle "Corr 2013"]
[Source "ChessBase"]
[SourceDate "2012.11.12"]
[SourceVersion "1"]
[SourceVersionDate "2012.11.12"]
[SourceQuality "1"]
[WhiteTeam "Ireland"]
[BlackTeam "Italy"]
[WhiteTeamCountry "IRL"]
[BlackTeamCountry "ITA"]

1. c4 Nf6 2. Nc3 e5 3. Nf3 Nc6 4. g3 d5 5. cxd5 Nxd5 6. Bg2 Nxc3 7. bxc3 e4 8. Ng1 Qd5 9. Qa4 f5 10. f3 exf3 11. Nxf3 Bd7 0-1

[Event "IECC CL5-2005.03 email"]
[Site "IECC email"]
[Date "2005.02.08"]
[Round "?"]
[White "Dunning, Stephen"]
[Black "Soattin, Alberto"]
[Result "1/2-1/2"]
[WhiteElo "1549"]
[BlackElo "1679"]
[PlyCount "33"]
[EventDate "2005.??.??"]
[EventType "tourn (corr)"]
[EventRounds "4"]
[SourceTitle "Corr 2015"]
[Source "ChessBase"]
[SourceDate "2015.07.17"]
[SourceVersion "1"]
[SourceVersionDate "2015.07.17"]
[SourceQuality "1"]

1. d4 d5 2. c4 dxc4 3. Nf3 b5 4. a4 c6 5. e3 Nf6 6. Nc3 Nd5 7. Ne5 Be6 8. axb5 Nxc3 9. bxc3 cxb5 10. Qf3 Nd7 11. Nc6 Qc7 12. d5 Ne5 13. Nxe5 Qxe5 14. dxe6 Qxc3+ 15. Ke2 Qd3+ 16. Ke1 Qc3+ 17. Ke2 1/2-1/2

[Event "IECC CL5-2005.03 email"]
[Site "IECC email"]
[Date "2005.02.08"]
[Round "?"]
[White "Soattin, Alberto"]
[Black "Jensen, Jeff"]
[Result "1-0"]
[WhiteElo "1685"]
[BlackElo "1401"]
[PlyCount "55"]
[EventDate "2005.??.??"]
[EventType "tourn (corr)"]
[EventRounds "4"]
[SourceTitle "Corr 2015"]
[Source "ChessBase"]
[SourceDate "2015.07.17"]
[SourceVersion "1"]
[SourceVersionDate "2015.07.17"]
[SourceQuality "1"]

1. e4 c5 2. Nf3 d6 3. Bc4 e6 4. 0-0 d5 5. exd5 exd5 6. Bb5+ Bd7 7. Re1+ Be7 8. Qe2 a6 9. Bxd7+ Qxd7 10. d4 c4 11. Ne5 Qe6 12. Qd1 Qf5 13. Nc3 Nf6 14. g4 Qc8 15. g5 Ne4 16. Nxd5 Nd6 17. Nxe7 Kxe7 18. Nxc4+ Kd8 19. Nxd6 Qc7 20. Bf4 Qd7 21. Qf3 Nc6 22. d5 Nd4 23. Qe3 Qg4+ 24. Bg3 Nf3+ 25. Kh1 Nxe1 26. Rxe1 Qd7 27. Qb6+ Qc7 28. Nxf7+ 1-0

[Event "IECC CL4-2005.02 email"]
[Site "IECC email"]
[Date "2005.02.05"]
[Round "?"]
[White "Winkel, Bjarne"]
[Black "Soattin, Alberto"]
[Result "1-0"]
[WhiteElo "1802"]
[BlackElo "1699"]
[PlyCount "67"]
[EventDate "2005.??.??"]
[EventType "tourn (corr)"]
[EventRounds "4"]
[SourceTitle "Corr 2015"]
[Source "ChessBase"]
[SourceDate "2015.07.17"]
[SourceVersion "1"]
[SourceVersionDate "2015.07.17"]
[SourceQuality "1"]

1. e4 e5 2. Nf3 Nc6 3. Bc4 Nf6 4. Ng5 d5 5. exd5 Nxd5 6. Nxf7 Kxf7 7. Qf3+ Ke6 8. Nc3 Ncb4 9. Bb3 c6 10. a3 Na6 11. Nxd5 cxd5 12. d4 exd4 13. Bf4 Nc7 14. 0-0-0 Bd6 15. Bxd5+ Nxd5 16. Rhe1+ Kf6 17. Bxd6+ Kg6 18. Qxd5 Re8 19. Rxe8 Qxe8 20. g4 Bxg4 21. Rg1 h5 22. h3 Qc6 23. Qxd4 Re8 24. hxg4 h4 25. Qd3+ Kf7 26. g5 g6 27. Qb3+ Re6 28. Be5 Ke7 29. Re1 Kd7 30. Qd3+ Ke7 31. Qh3 Qc4 32. f4 Rc6 33. c3 a6 34. Qxh4 1-0

[Event "IECC KO-3043"]
[Site "IECC email"]
[Date "2005.01.31"]
[Round "?"]
[White "Soattin, Alberto"]
[Black "Hess, John"]
[Result "1-0"]
[WhiteElo "1710"]
[BlackElo "1744"]
[PlyCount "53"]
[EventDate "2005.??.??"]
[EventType "match (corr)"]
[EventRounds "2"]
[SourceTitle "Corr 2020"]
[Source "ChessBase"]
[SourceDate "2019.09.30"]
[SourceVersion "1"]
[SourceVersionDate "2019.09.30"]
[SourceQuality "1"]
[WhiteTeam "Italy"]
[BlackTeam "South Africa"]
[WhiteTeamCountry "ITA"]
[BlackTeamCountry "RSA"]

1. e4 c5 2. Nf3 a6 3. Nc3 b5 4. Be2 Bb7 5. 0-0 Nc6 6. d4 d6 7. dxc5 dxc5 8. Bg5 Qxd1 9. Raxd1 e6 10. e5 Nh6 11. a4 b4 12. Ne4 Nf5 13. Nd6+ Bxd6 14. exd6 f6 15. Be3 Nxe3 16. fxe3 Rd8 17. c3 h5 18. h3 Rh6 19. Kf2 h4 20. Rd2 Kd7 21. Rfd1 g5 22. Ne1 Ne5 23. cxb4 cxb4 24. Nc2 a5 25. Nd4 f5 26. Bb5+ Kc8 27. d7+ 1-0

[Event "IECC CL4-2004.07 email"]
[Site "IECC email"]
[Date "2004.04.19"]
[Round "?"]
[White "Sawamura, Tetsushi"]
[Black "Soattin, Alberto"]
[Result "0-1"]
[WhiteElo "1649"]
[BlackElo "1584"]
[PlyCount "56"]
[EventDate "2004.??.??"]
[EventType "tourn (corr)"]
[EventRounds "4"]
[SourceTitle "Corr 2008"]
[Source "ChessBase"]
[SourceDate "2008.06.24"]
[SourceVersion "1"]
[SourceVersionDate "2008.06.24"]
[SourceQuality "1"]

1. d4 d5 2. Nf3 Nf6 3. c4 dxc4 4. e3 b5 5. a4 c6 6. axb5 cxb5 7. Nc3 Bd7 8. b3 b4 9. Na4 cxb3 10. Qxb3 e6 11. Bd2 a5 12. Ne5 Bd6 13. Nc4 Bc7 14. Nc5 Bc6 15. Ne5 Bxe5 16. dxe5 Nfd7 17. Rc1 Nxc5 18. Rxc5 0-0 19. Qc2 Qb6 20. Bd3 b3 21. Qc3 Rd8 22. Ke2 Bxg2 23. Rc1 a4 24. f3 b2 25. Rg1 Rxd3 26. Qxd3 Qxc5 27. Rxg2 Nc6 28. Rg4 Nxe5 0-1

[Event "IECC CL4-2004.07 email"]
[Site "IECC email"]
[Date "2004.04.19"]
[Round "?"]
[White "Soattin, Alberto"]
[Black "Johansson, Anders"]
[Result "1-0"]
[WhiteElo "1592"]
[BlackElo "1654"]
[PlyCount "63"]
[EventDate "2004.??.??"]
[EventType "tourn (corr)"]
[EventRounds "4"]
[SourceTitle "Corr 2008"]
[Source "ChessBase"]
[SourceDate "2008.06.24"]
[SourceVersion "1"]
[SourceVersionDate "2008.06.24"]
[SourceQuality "1"]

1. e4 c5 2. Nf3 d6 3. Bb5+ Bd7 4. Nc3 Nf6 5. Bc4 e6 6. 0-0 Be7 7. d3 0-0 8. Re1 Nc6 9. d4 cxd4 10. Nxd4 Nxd4 11. Qxd4 Bc6 12. f3 d5 13. exd5 Nxd5 14. Nxd5 Bxd5 15. Bxd5 Bf6 16. Qa4 Qxd5 17. c3 Rfd8 18. Be3 b5 19. Qc2 Qc4 20. Qe2 a5 21. a4 Qxe2 22. Rxe2 b4 23. cxb4 axb4 24. a5 Ra6 25. Bb6 Bd4+ 26. Bxd4 Rxd4 27. Re5 Kf8 28. Rb5 Ke7 29. Rb6 Rxb6 30. axb6 Kd6 31. Rc1 b3 32. Rc7 1-0

[Event "IECC KO-3037"]
[Site "IECC email"]
[Date "2004.03.11"]
[Round "?"]
[White "Soattin, Alberto"]
[Black "Field, Simon"]
[Result "1-0"]
[WhiteElo "1631"]
[BlackElo "1694"]
[PlyCount "73"]
[EventDate "2004.??.??"]
[EventType "match (corr)"]
[EventRounds "2"]
[SourceTitle "Corr 2020"]
[Source "ChessBase"]
[SourceDate "2019.09.30"]
[SourceVersion "1"]
[SourceVersionDate "2019.09.30"]
[SourceQuality "1"]
[WhiteTeam "Italy"]
[BlackTeam "England"]
[WhiteTeamCountry "ITA"]
[BlackTeamCountry "ENG"]

1. e4 e5 2. Nf3 Nc6 3. Bb5 a6 4. Bxc6 dxc6 5. 0-0 Nf6 6. Nxe5 Bd6 7. Nf3 0-0 8. e5 Bxe5 9. Nxe5 Qd6 10. d4 c5 11. Be3 Rd8 12. c3 cxd4 13. cxd4 c5 14. Nc4 Qc7 15. Qc1 cxd4 16. Bf4 Qe7 17. Nb6 Be6 18. Nxa8 Rxa8 19. Rd1 Rc8 20. Qd2 Rd8 21. Nc3 Qd7 22. Ne2 d3 23. Nc3 Bf5 24. Re1 h6 25. Re5 b5 26. Rae1 Rc8 27. a3 Be6 28. h3 Bf5 29. Bxh6 gxh6 30. Qf4 b4 31. axb4 Re8 32. R1e3 d2 33. Rxf5 d1Q+ 34. Nxd1 Qxd1+ 35. Kh2 Rxe3 36. fxe3 Ne8 37. Rxf7 1-0